<?xml version="1.0" encoding="UTF-8"?>
<record
    xmlns:xsi="http://www.w3.org/2001/XMLSchema-instance"
    xsi:schemaLocation="http://www.loc.gov/MARC21/slim http://www.loc.gov/standards/marcxml/schema/MARC21slim.xsd"
    xmlns="http://www.loc.gov/MARC21/slim">

  <leader>00853nam a22001577a 4500</leader>
  <controlfield tag="003">OSt</controlfield>
  <controlfield tag="005">20230313170245.0</controlfield>
  <controlfield tag="008">151117b        xxu||||| |||| 00| 0 eng d</controlfield>
  <datafield tag="040" ind1=" " ind2=" ">
    <subfield code="c">RUA</subfield>
  </datafield>
  <datafield tag="082" ind1=" " ind2=" ">
    <subfield code="a">FOR </subfield>
    <subfield code="2">KHO 2013 B143 Or.1</subfield>
  </datafield>
  <datafield tag="100" ind1=" " ind2=" ">
    <subfield code="9">3769</subfield>
    <subfield code="a">KHOEN, VANTHA.</subfield>
  </datafield>
  <datafield tag="245" ind1=" " ind2=" ">
    <subfield code="a">study on the vulnerability and adaptation to the impact of climate change in cheung tuek commune, kompongleav district, preyveng province (&#x1780;&#x17B6;&#x179A;&#x179F;&#x17B7;&#x1780;&#x17D2;&#x179F;&#x17B6;&#x1796;&#x17B8;&#x1797;&#x17B6;&#x1796;&#x1784;&#x17B6;&#x1799;&#x179A;&#x1784;&#x1782;&#x17D2;&#x179A;&#x17C4;&#x17C7;&#x1793;&#x17B7;&#x1784;&#x1780;&#x17B6;&#x179A;&#x1794;&#x1793;&#x17D2;&#x179F;&#x17C6;&#x17B6;&#x179A;&#x1794;&#x179F;&#x17CB;&#x1794;&#x17D2;&#x179A;&#x1787;&#x17B6;&#x1787;&#x1793; &#x1791;&#x17C5;&#x1793;&#x17B9;&#x1784; &#x1780;&#x17B6;&#x179A;&#x1794;&#x17D2;&#x179A;&#x17C2;&#x1794;&#x17D2;&#x179A;&#x17BD;&#x179B;&#x17A2;&#x17B6;&#x1780;&#x17B6;&#x179F;&#x1792;&#x17B6;&#x178F;&#x17BB; &#x1793;&#x17C5;&#x1780;&#x17D2;&#x1793;&#x17BB;&#x1784;&#x1783;&#x17BB;&#x17C6;&#x1787;&#x17BE;&#x1784;&#x1791;&#x17B9;&#x1780; &#x179F;&#x17D2;&#x179A;&#x17BB;&#x1780;&#x1780;&#x17C6;&#x1796;&#x1784;&#x17CB;&#x179B;&#x17B6;&#x179C; &#x1781;&#x17C1;&#x178F;&#x17D2;&#x178F;&#x1796;&#x17D2;&#x179A;&#x17C3;&#x179C;&#x17C2;&#x1784;)</subfield>
  </datafield>
  <datafield tag="260" ind1=" " ind2=" ">
    <subfield code="a">Phnom Penh</subfield>
    <subfield code="b">RUA</subfield>
    <subfield code="c">2013</subfield>
  </datafield>
  <datafield tag="300" ind1=" " ind2=" ">
    <subfield code="a">x, 38p.</subfield>
    <subfield code="b">ill.</subfield>
    <subfield code="c">29cm.</subfield>
  </datafield>
  <datafield tag="942" ind1=" " ind2=" ">
    <subfield code="2">ddc</subfield>
    <subfield code="c">FOR</subfield>
  </datafield>
  <datafield tag="999" ind1=" " ind2=" ">
    <subfield code="c">3506</subfield>
    <subfield code="d">3506</subfield>
  </datafield>
  <datafield tag="952" ind1=" " ind2=" ">
    <subfield code="0">0</subfield>
    <subfield code="1">0</subfield>
    <subfield code="2">ddc</subfield>
    <subfield code="4">0</subfield>
    <subfield code="6">FOR_KHO_2013_000000000000000_B143_OR_1</subfield>
    <subfield code="7">0</subfield>
    <subfield code="9">16852</subfield>
    <subfield code="a">LBB</subfield>
    <subfield code="b">LBB</subfield>
    <subfield code="c">B143</subfield>
    <subfield code="d">2015-11-17</subfield>
    <subfield code="l">2</subfield>
    <subfield code="o">FOR KHO 2013 B143 Or.1</subfield>
    <subfield code="p">RUA028108</subfield>
    <subfield code="r">2022-01-21</subfield>
    <subfield code="s">2022-01-14</subfield>
    <subfield code="w">2015-11-17</subfield>
    <subfield code="y">FOR</subfield>
  </datafield>
  <datafield tag="952" ind1=" " ind2=" ">
    <subfield code="0">0</subfield>
    <subfield code="1">0</subfield>
    <subfield code="2">ddc</subfield>
    <subfield code="4">0</subfield>
    <subfield code="6">FOR_KHO_2013_000000000000000_B143_OR_2</subfield>
    <subfield code="7">0</subfield>
    <subfield code="9">16853</subfield>
    <subfield code="a">LBB</subfield>
    <subfield code="b">LBB</subfield>
    <subfield code="c">B143</subfield>
    <subfield code="d">2015-11-17</subfield>
    <subfield code="o">FOR KHO 2013 B143 Or.2</subfield>
    <subfield code="p">RUA028721</subfield>
    <subfield code="r">2015-11-17</subfield>
    <subfield code="w">2015-11-17</subfield>
    <subfield code="y">FOR</subfield>
  </datafield>
  <datafield tag="952" ind1=" " ind2=" ">
    <subfield code="0">0</subfield>
    <subfield code="1">0</subfield>
    <subfield code="2">ddc</subfield>
    <subfield code="4">0</subfield>
    <subfield code="6">FOR_KHO_2013_000000000000000_B143_OR_3</subfield>
    <subfield code="7">0</subfield>
    <subfield code="9">16854</subfield>
    <subfield code="a">LBB</subfield>
    <subfield code="b">LBB</subfield>
    <subfield code="c">B143</subfield>
    <subfield code="d">2015-11-17</subfield>
    <subfield code="l">2</subfield>
    <subfield code="o">FOR KHO 2013 B143 Or.3</subfield>
    <subfield code="p">RUA028793</subfield>
    <subfield code="r">2016-08-26</subfield>
    <subfield code="s">2016-08-17</subfield>
    <subfield code="w">2015-11-17</subfield>
    <subfield code="y">FOR</subfield>
  </datafield>
  <datafield tag="952" ind1=" " ind2=" ">
    <subfield code="0">0</subfield>
    <subfield code="1">0</subfield>
    <subfield code="2">ddc</subfield>
    <subfield code="4">0</subfield>
    <subfield code="6">FOR_KHO_2013_000000000000000_B136_OR_4</subfield>
    <subfield code="7">0</subfield>
    <subfield code="9">16855</subfield>
    <subfield code="a">LBB</subfield>
    <subfield code="b">LBB</subfield>
    <subfield code="c">B136</subfield>
    <subfield code="d">2015-11-17</subfield>
    <subfield code="l">1</subfield>
    <subfield code="o">FOR KHO 2013 B136 Or.4</subfield>
    <subfield code="p">RUA028142</subfield>
    <subfield code="r">2016-07-12</subfield>
    <subfield code="s">2016-06-29</subfield>
    <subfield code="w">2015-11-17</subfield>
    <subfield code="y">FOR</subfield>
  </datafield>
  <datafield tag="952" ind1=" " ind2=" ">
    <subfield code="0">0</subfield>
    <subfield code="1">0</subfield>
    <subfield code="2">ddc</subfield>
    <subfield code="4">0</subfield>
    <subfield code="6">FOR_KHO_2013_000000000000000_B143_OR_5</subfield>
    <subfield code="7">0</subfield>
    <subfield code="9">16856</subfield>
    <subfield code="a">LBB</subfield>
    <subfield code="b">LBB</subfield>
    <subfield code="c">B143</subfield>
    <subfield code="d">2015-11-17</subfield>
    <subfield code="o">FOR KHO 2013 B143 Or.5</subfield>
    <subfield code="p">RUA028176</subfield>
    <subfield code="r">2015-11-17</subfield>
    <subfield code="w">2015-11-17</subfield>
    <subfield code="y">FOR</subfield>
  </datafield>
  <datafield tag="952" ind1=" " ind2=" ">
    <subfield code="0">0</subfield>
    <subfield code="1">0</subfield>
    <subfield code="2">ddc</subfield>
    <subfield code="4">0</subfield>
    <subfield code="6">FOR_KHO_2013_000000000000000_B143_OR_6</subfield>
    <subfield code="7">0</subfield>
    <subfield code="9">16857</subfield>
    <subfield code="a">LBB</subfield>
    <subfield code="b">LBB</subfield>
    <subfield code="c">B143</subfield>
    <subfield code="d">2015-11-17</subfield>
    <subfield code="l">1</subfield>
    <subfield code="o">FOR KHO 2013 B143 Or.6</subfield>
    <subfield code="p">RUA028991</subfield>
    <subfield code="r">2016-02-26</subfield>
    <subfield code="s">2016-02-15</subfield>
    <subfield code="w">2015-11-17</subfield>
    <subfield code="y">FOR</subfield>
  </datafield>
  <datafield tag="952" ind1=" " ind2=" ">
    <subfield code="0">0</subfield>
    <subfield code="1">0</subfield>
    <subfield code="2">ddc</subfield>
    <subfield code="4">0</subfield>
    <subfield code="6">FOR_KHO_2013_000000000000000_B143_OR_7</subfield>
    <subfield code="7">0</subfield>
    <subfield code="9">16858</subfield>
    <subfield code="a">LBB</subfield>
    <subfield code="b">LBB</subfield>
    <subfield code="c">B143</subfield>
    <subfield code="d">2015-11-17</subfield>
    <subfield code="l">3</subfield>
    <subfield code="o">FOR KHO 2013 B143 Or.7</subfield>
    <subfield code="p">RUA028333</subfield>
    <subfield code="r">2024-07-22</subfield>
    <subfield code="s">2024-07-12</subfield>
    <subfield code="w">2015-11-17</subfield>
    <subfield code="y">FOR</subfield>
  </datafield>
  <datafield tag="952" ind1=" " ind2=" ">
    <subfield code="0">0</subfield>
    <subfield code="1">0</subfield>
    <subfield code="2">ddc</subfield>
    <subfield code="4">0</subfield>
    <subfield code="6">FOR_KHO_2013_000000000000000_B143_OR_8</subfield>
    <subfield code="7">0</subfield>
    <subfield code="9">16859</subfield>
    <subfield code="a">LBB</subfield>
    <subfield code="b">LBB</subfield>
    <subfield code="c">B143</subfield>
    <subfield code="d">2015-11-17</subfield>
    <subfield code="l">2</subfield>
    <subfield code="m">2</subfield>
    <subfield code="o">FOR KHO 2013 B143 Or.8</subfield>
    <subfield code="p">RUA028274</subfield>
    <subfield code="r">2024-02-12</subfield>
    <subfield code="s">2024-01-10</subfield>
    <subfield code="w">2015-11-17</subfield>
    <subfield code="y">FOR</subfield>
  </datafield>
</record>
